000 00302nam a22001337a 4500
008 170215b xxu||||| |||| 00| 0 eng d
020 _a9781133603047
041 _aeng
080 _25TH
_a61
100 _a4
101 _aSHM
245 _aCOMPREHENSIVE MEDICAL ASSISTING
_cLINDH, W.Q
942 _2udc
_cBK
999 _c5555
_d5555